Normal view
MARC view
- الافصاح في المحاسبة- الاردن
Entry Topical Term
001 - CONTROL NUMBER
- control field: 59786
003 - CONTROL NUMBER IDENTIFIER
- control field: JO-AjAnu
005 - DATE AND TIME OF LATEST TRANSACTION
- control field: 20230606083756.0
008 - FIXED-LENGTH DATA ELEMENTS
- fixed length control field: 230606|| aca||aabn | a|a d
040 ## - CATALOGING SOURCE
- Original cataloging agency: JO-AjAnu
- Transcribing agency: JO-AjAnu
150 ## - HEADING--TOPICAL TERM
- Topical term or geographic name entry element: الافصاح في المحاسبة- الاردن
670 ## - SOURCE DATA FOUND
- Source citation: Work cat.: (JO-AjAnu)30489: اعداد عبابنة،إيلاف محمد؛ اشراف احمد إبراهيم كراجه, author 59785, أثر هيكل الملكية في افصاحات المسؤولية الإجتماعية في البنوك التجارية الأردنية = The Impact of the Ownership Structure on Social Responsibiliy Disclosure in Jordanian Commercial Banks